000 00446nam a22001697a 4500
003 BD-ChCU
005 20260107100325.0
008 260107b bg ||||| |||| 00| 0 ben d
040 _cBD-ChCU
082 _a537.12 STW
100 _aStrauss, Leonard.
_918726
245 _aWave generation and shaping.
_cLeonard, Strauss
260 _aNew York
_bMcGraw-Hill
_c1960
300 _axvi, 520p
650 0 _aElectricity
_918727
942 _2ddc
_cBK
_n0
999 _c110764
_d110764